000 00396nam a22001697a 4500
003 MPLRDC
005 20220104143302.0
008 210129b ||||| |||| 00| 0 eng d
082 _a857.623 YG-20 v.2
100 _a余过
245 _a魂迷出窍
_c
260 _a
_b明屋出版社
_c
300 _b
490 _a四人夜话
650 _a灵异小说
942 _cBK
_o857.623 YG-20 v.2
999 _c38408
_d38398